Dukla Národný pamätník Hrdinom

Zobrazenie: pohľad na pylón zboku, cestu k pamätníku lemujú kamenné múriky a stožiare na vlajky

Bibliographic Details
Format: Photo
Language:Slovak
Russian
Published: Bratislava Slovenské vydavateľstvo politickej literatúry 1960
Subjects:

MARC

LEADER 00000nkm a2200000 a 4500
001 vtls011586993
003 SK-MaSNL
005 20260301092905.0
007 kf bo
008 231214s1960 xo g kuslo
015 |a SNBG 
035 |a urn:nbn:sk:snk-km00cowc 
035 |a urn:nbn:sk:snk-km3lq9l 
035 |a C682AC80-792E-490E-876C-4AEEA49AAA29 
040 |a SNK  |b slo  |c SNK  |e AACR2 
041 0 |a slo  |a rus 
043 |a e-xo--- 
044 |a xo  |c SK 
080 |a 913(437.6)  |2 2011 
080 |a (084.121)  |2 2011 
080 |a 725.945  |2 2011 
245 0 0 |a Dukla  |h grafika  |b Národný pamätník Hrdinom 
246 3 1 |a Dukla  |b Nacional'nyj pamjatnik gerojev 
260 |a Bratislava  |b Slovenské vydavateľstvo politickej literatúry  |c 1960 
300 |a 1 pohľadnica  |b čiernobiela  |c 15 x 11 cm 
520 8 |a Zobrazenie: pohľad na pylón zboku, cestu k pamätníku lemujú kamenné múriky a stožiare na vlajky 
546 |a Súbežný názov rusky 
650 0 7 |a Národný pamätník hrdinom (Dukla, Slovensko)  |2 SNKPH  |9 344150 
650 0 7 |a vojenské pamätníky  |2 SNKPH  |9 78989 
651 7 |a Dukliansky priesmyk (Poľsko a Slovensko)  |2 SNKPH  |9 171975 
655 7 |a miestne pohľadnice  |2 SNKPH  |9 70510 
655 7 |a pohľadnice kultúrnych pamiatok  |2 SNKPH  |9 70523 
852 |a Slovenská národná knižnica 
958 |a GC 
958 |a GBN 
958 |a OND 
999 |c 675421  |d 677351 
952 |a SNK  |b SNK  |y PREZ  |7 0  |p 17A1215342  |o snkSP 10898  |0 0  |1 0  |4 0  |d 2016-10-18  |f 1  |l 0  |r 2026-02-23 19:40:09  |w 2026-02-23